Sports Quiz

Random Sports or Football Quiz

2016 San Francisco 49ers Roster Quiz Stats

 Plays Quiz not verified by Sporcle

Challenge
Share
Tweet
Embed
Score 0/59 Timer 10:00
0 Plays Today
Number Player % Correct
7Colin Kaepernick
93.1%
2Blaine Gabbert
91.1%
53NaVorro Bowman
81.2%
28Carlos Hyde
80.2%
82Torrey Smith
75.2%
4Phil Dawson
70.3%
74Joe Staley
67.3%
35Eric Reid
66.3%
17Jeremy Kerley
64.4%
22Mike Davis
63.4%
89Vance McDonald
62.4%
11Quinton Patton
61.4%
99DeForest Buckner
58.4%
43Chris Davis
57.4%
5Bradley Pinion
53.5%
88Garrett Celek
53.5%
91Arik Armstead
53.5%
25Jimmie Ward
52.5%
41Antoine Bethea
52.5%
77Trent Brown
51.5%
55Ahmad Brooks
50.5%
26Tramaine Brock
49.5%
36Dontae Johnson
48.5%
59Aaron Lynch
48.5%
33Rashard Robinson
46.5%
15Christian Ponder
45.5%
51Gerald Hodges
44.6%
29Jaquiski Tartt
43.6%
9Thaddeus Lewis
42.6%
67Daniel Kilgore
42.6%
Number Player % Correct
24Shaun Draughn
38.6%
10Bruce Ellington
37.6%
57Michael Wilhoite
37.6%
54Ray-Ray Armstrong
35.6%
58Eli Harold
35.6%
65Joshua Garnett
34.7%
68Zane Beadles
33.7%
84Blake Bell
33.7%
92Quinton Dial
31.7%
27Keith Reaser
29.7%
50Nick Bellore
28.7%
56Shayne Skov
28.7%
90Glenn Dorsey
28.7%
66Marcus Martin
26.7%
95Tank Carradine
26.7%
13Aaron Burbridge
25.7%
19Keshawn Martin
25.7%
3Eric Rogers
24.8%
64Mike Purcell
24.8%
81Rod Streater
24.8%
61Andrew Tiller
22.8%
98Ronald Blair
22.8%
85Je'Ron Hamm
20.8%
23Will Redmond
19.8%
71John Theus
18.8%
86Kyle Nelson
18.8%
20Marcus Cromartie
16.8%
63Tony Jerod-Eddie
15.8%
96Taylor Hart
4%

You're not logged in!

Compare scores with friends on all Sporcle quizzes.
Join for Free
OR
Log In

You Might Also Like...

Show Comments

Extras

Top Quizzes Today


Score Distribution

Your Account Isn't Verified!

In order to create a playlist on Sporcle, you need to verify the email address you used during registration. Go to your Sporcle Settings to finish the process.

Report this User

Report this user for behavior that violates our Community Guidelines.

Details: